[Event "Speed Chess Invitational"]
[Site "chess.com INT"]
[Date "2020.10.25"]
[Round "1.8"]
[White "Oparin, Grigoriy"]
[Black "Svidler, Peter"]
[Result "1/2-1/2"]
[WhiteTitle "GM"]
[BlackTitle "GM"]
[WhiteElo "2652"]
[BlackElo "2723"]
[WhiteFideId "24125890"]
[BlackFideId "4102142"]
[EventDate "2020.10.25"]

1. Nf3 d5 2. g3 g6 3. Bg2 Bg7 4. d4 Nf6 5. O-O O-O 6. c4 c6 7. Nbd2 Bf5 8. b3 a5
9. Ba3 Ne4 10. Qc1 a4 11. e3 Nd7 12. Rd1 Nxd2 13. Qxd2 Be4 14. Qe2 Re8 15. Bh3
Bxf3 16. Qxf3 e6 17. Qe2 Qb6 18. Qc2 Bf8 19. Bb2 Qa5 20. Bg2 Nf6 21. c5 b5 22.
Bc3 Qc7 23. b4 Nd7 24. f4 Bg7 25. Rd2 f5 26. Bf3 Nf6 27. Rg2 h5 28. Rf1 Kf7 29.
Be1 Rh8 30. h3 Ne4 31. g4 hxg4 32. hxg4 Bf6 33. Bxe4 dxe4 34. Kf2 Qd7 35. Rfg1
Rh3 36. Ke2 Qd5 37. gxf5 gxf5 38. Bf2 Rah8 39. Kd1 Rf3 40. Qe2 Rfh3 41. Kc1 Rh2
42. Kb2 Rxg2 43. Rxg2 Qd8 44. Bg1 Rh3 45. Qf1 Qh8 46. Qe2 Qh5 47. Qxh5+ Rxh5 48.
Kc2 Rh3 49. Kd2 Bh4 50. Ke2 Rg3 51. Rxg3 Bxg3 52. Bf2 Bxf2 53. Kxf2 Kg6 54. Kg3
Kh5 55. Kh3 Kh6 56. Kg3 Kg6 57. Kh3 Kh5 58. Kg3 Kh6 59. Kh3 Kh5 60. Kg3 Kh6 61.
Kh3 Kh5 1/2-1/2

[Event "Speed Chess Invitational"]
[Site "chess.com INT"]
[Date "2020.10.25"]
[Round "1.9"]
[White "Svidler, Peter"]
[Black "Oparin, Grigoriy"]
[Result "1-0"]
[WhiteTitle "GM"]
[BlackTitle "GM"]
[WhiteElo "2723"]
[BlackElo "2652"]
[WhiteFideId "4102142"]
[BlackFideId "24125890"]
[EventDate "2020.10.25"]

1. c4 e6 2. Nc3 d5 3. cxd5 exd5 4. d4 Be7 5. Bf4 c6 6. e3 Bf5 7. g4 Be6 8. h4
Nd7 9. Qb3 b5 10. g5 Rc8 11. Nf3 a6 12. Rc1 c5 13. Qd1 b4 14. Ne2 c4 15. Bg2 h6
16. Qa4 Qb6 17. O-O hxg5 18. hxg5 Qb5 19. Qc2 Bd8 20. Bg3 Ne7 21. Nf4 Bf5 22.
Qe2 Bc7 23. Nd2 Bxf4 24. Bxf4 Bd3 25. Qg4 Bxf1 26. Bxf1 Qc6 27. e4 Qe6 28. Qg2
Nb6 29. Re1 Kf8 30. Bg3 c3 31. bxc3 bxc3 32. Nb3 c2 33. Nc5 Qg6 34. f4 dxe4 35.
Qxc2 Nf5 36. Bf2 Qh5 37. Bg2 e3 38. Qxf5 exf2+ 39. Kxf2 Qh4+ 40. Kf1 Kg8 41. Re7
Rf8 42. Ne6 fxe6 43. Qxe6+ Kh7 44. Be4+ 1-0

[Event "Speed Chess Invitational"]
[Site "chess.com INT"]
[Date "2020.10.25"]
[Round "1.10"]
[White "Oparin, Grigoriy"]
[Black "Svidler, Peter"]
[Result "0-1"]
[WhiteTitle "GM"]
[BlackTitle "GM"]
[WhiteElo "2652"]
[BlackElo "2723"]
[WhiteFideId "24125890"]
[BlackFideId "4102142"]
[EventDate "2020.10.25"]

1. g3 d5 2. Bg2 c6 3. Nf3 Nf6 4. O-O Bf5 5. c4 e6 6. cxd5 exd5 7. d3 Nbd7 8. Nc3
Bc5 9. Qb3 Bb6 10. Na4 O-O 11. Nxb6 axb6 12. Bd2 Re8 13. Rfe1 h6 14. Bc3 c5 15.
d4 Ne4 16. a3 Ndf6 17. Rad1 Qc7 18. Ne5 cxd4 19. Bxd4 Rxe5 20. Bxe5 Qxe5 21.
Qxb6 Qe7 22. Rc1 Nd6 23. Qb4 Qe5 24. Red1 Be4 25. Bxe4 Nfxe4 26. Qd4 Qf5 27. f3
Nf6 28. e4 Qe6 29. e5 Nf5 30. Qc3 Nd7 31. f4 d4 32. Qc4 Qb6 33. Qc7 Qe6 34. Qxb7
Rb8 35. Rc8+ Rxc8 36. Qxc8+ Kh7 37. Qc2 g6 38. Qd3 Nc5 39. Qf3 d3 40. Rxd3 Nxd3
41. Qxd3 Qa2 42. Qd2 Qb1+ 43. Kf2 Qe4 44. Qe2 Qd4+ 45. Kg2 Qd5+ 46. Kf2 Kg7 47.
g4 Qd4+ 48. Kf3 Nh4+ 49. Kg3 g5 50. fxg5 hxg5 51. e6 Qd6+ 52. Kh3 Ng6 53. Qe3
Nf4+ 54. Kg3 Nd5+ 55. Kf3 0-1

[Event "Speed Chess Invitational"]
[Site "chess.com INT"]
[Date "2020.10.25"]
[Round "1.11"]
[White "Svidler, Peter"]
[Black "Oparin, Grigoriy"]
[Result "0-1"]
[WhiteTitle "GM"]
[BlackTitle "GM"]
[WhiteElo "2723"]
[BlackElo "2652"]
[WhiteFideId "4102142"]
[BlackFideId "24125890"]
[EventDate "2020.10.25"]

1. e4 c6 2. d4 d5 3. exd5 cxd5 4. Nf3 Nf6 5. Ne5 Nc6 6. Bb5 Bd7 7. Nxd7 Qxd7 8.
c3 e6 9. Nd2 Bd6 10. O-O Qc7 11. Nf3 O-O 12. Re1 Ne4 13. Bd3 f5 14. g3 Rae8 15.
Ng5 e5 16. Qb3 Nxg5 17. Bxg5 Qf7 18. dxe5 Nxe5 19. Be2 Bc5 20. Rad1 Ng4 21. Bxg4
Rxe1+ 22. Rxe1 fxg4 23. Bf4 g5 24. Qb5 Bb6 25. Be3 Bxe3 0-1

[Event "Speed Chess Invitational"]
[Site "chess.com INT"]
[Date "2020.10.25"]
[Round "1.12"]
[White "Oparin, Grigoriy"]
[Black "Svidler, Peter"]
[Result "0-1"]
[WhiteTitle "GM"]
[BlackTitle "GM"]
[WhiteElo "2652"]
[BlackElo "2723"]
[WhiteFideId "24125890"]
[BlackFideId "4102142"]
[EventDate "2020.10.25"]

1. Nf3 Nf6 2. g3 g6 3. Bg2 Bg7 4. c4 O-O 5. Nc3 c5 6. d4 cxd4 7. Nxd4 Qc7 8. Qd3
Nc6 9. b3 d6 10. O-O Nxd4 11. Qxd4 Ne4 12. Qxe4 Bxc3 13. Rb1 Bf5 14. Qf3 Bg7 15.
e4 Be6 16. Rd1 a6 17. a4 Rab8 18. Qd3 b5 19. cxb5 axb5 20. axb5 Bd7 21. Bg5 Bxb5
22. Qd2 Rfc8 23. h4 h5 24. Rdc1 Qa7 25. Bh3 Rxc1+ 26. Rxc1 Kf8 27. Bg2 Qd4 28.
Qxd4 Bxd4 29. Rc7 f6 30. Bh6+ Kf7 31. e5 dxe5 32. Bd5+ Ke8 33. Be6 Bb6 34. Rc1
Bd7 35. Bd5 Rc8 36. Rd1 Bd4 37. Bd2 Bc6 38. Rc1 Kd7 39. Bf7 Be4 40. Be6+ Kxe6
41. Rxc8 Kd5 42. b4 Bd3 43. Be3 Ke4 44. Bxd4 exd4 45. Rc5 Be2 46. Rc2 d3 47. Rd2
Kd4 48. b5 Kc3 49. Ra2 d2 0-1

[Event "Speed Chess Invitational"]
[Site "chess.com INT"]
[Date "2020.10.25"]
[Round "1.1"]
[White "Jobava, Baadur"]
[Black "Chigaev, Maksim"]
[Result "1/2-1/2"]
[WhiteTitle "GM"]
[BlackTitle "GM"]
[WhiteElo "2603"]
[BlackElo "2598"]
[WhiteFideId "13601520"]
[BlackFideId "4108116"]
[EventDate "2020.10.25"]

1. d4 Nf6 2. c4 g6 3. Nf3 Bg7 4. g3 b6 5. Bg2 Bb7 6. O-O O-O 7. Nc3 Ne4 8. Bd2
e6 9. Rc1 Nxd2 10. Qxd2 d6 11. Rfd1 Nd7 12. Ne1 Bxg2 13. Nxg2 a6 14. b3 Qe7 15.
e3 Rfd8 16. Nf4 c5 17. Qe2 Rac8 18. Kg2 Nf6 19. Qf3 Qc7 20. h4 h5 21. Nfe2 Qe7
22. a4 Rb8 23. Nf4 Rdc8 24. Nh3 Qb7 25. d5 e5 26. Ng5 Qe7 27. Ra1 Rf8 28. Ra2
Ng4 29. Qe2 Bh6 30. f3 Nf6 31. Nh3 Nd7 32. Ne4 1/2-1/2

[Event "Speed Chess Invitational"]
[Site "chess.com INT"]
[Date "2020.10.25"]
[Round "1.2"]
[White "Chigaev, Maksim"]
[Black "Jobava, Baadur"]
[Result "1-0"]
[WhiteTitle "GM"]
[BlackTitle "GM"]
[WhiteElo "2598"]
[BlackElo "2603"]
[WhiteFideId "4108116"]
[BlackFideId "13601520"]
[EventDate "2020.10.25"]

1. e4 e5 2. Nf3 Nf6 3. d4 Nxe4 4. dxe5 d5 5. Nbd2 Nxd2 6. Bxd2 Be7 7. Bd3 Be6 8.
Nd4 Bd7 9. Nf5 Bxf5 10. Bxf5 O-O 11. O-O Nc6 12. Re1 Nd4 13. Bd3 Ne6 14. f4 Nc5
15. f5 Nxd3 16. cxd3 Bg5 17. d4 Re8 18. Rc1 c6 19. Rc3 Rc8 20. f6 gxf6 21. Bxg5
fxg5 22. Qh5 Re6 23. Rf1 Rc7 24. Rf6 Kh8 25. Rh3 Qg8 26. Rhf3 Rxf6 27. Rxf6 c5
28. dxc5 d4 29. b4 d3 30. Rd6 Re7 31. Qf3 Re8 32. Rxd3 Qg7 33. Qf6 Qxf6 34. exf6
h6 35. Rd7 Re1+ 36. Kf2 Ra1 37. Rxf7 Rxa2+ 38. Kf3 Ra1 39. Kg4 Rf1 40. Kh5 1-0

[Event "Speed Chess Invitational"]
[Site "chess.com INT"]
[Date "2020.10.25"]
[Round "1.3"]
[White "Jobava, Baadur"]
[Black "Chigaev, Maksim"]
[Result "1-0"]
[WhiteTitle "GM"]
[BlackTitle "GM"]
[WhiteElo "2603"]
[BlackElo "2598"]
[WhiteFideId "13601520"]
[BlackFideId "4108116"]
[EventDate "2020.10.25"]

1. d4 Nf6 2. c4 g6 3. g3 Bg7 4. Bg2 O-O 5. Nc3 d6 6. Nf3 c5 7. O-O Nc6 8. d5 Na5
9. Nd2 a6 10. Qc2 b5 11. cxb5 axb5 12. Nxb5 Qb6 13. Nc3 Bf5 14. e4 Bc8 15. Rb1
Ba6 16. Re1 Ng4 17. b3 Nxf2 18. Kxf2 c4+ 19. Kf3 f5 20. e5 dxe5 21. bxc4 e4+ 22.
Ke2 Qc5 23. Na4 Qxd5 24. Nb6 Qd6 25. Nxa8 Rxa8 26. Kf1 Bd4 27. Bb2 Rc8 28. Bxd4
Qxd4 29. Qb2 Qd3+ 30. Kg1 e3 31. Bd5+ e6 32. Bxe6+ 1-0

[Event "Speed Chess Invitational"]
[Site "chess.com INT"]
[Date "2020.10.25"]
[Round "1.4"]
[White "Chigaev, Maksim"]
[Black "Jobava, Baadur"]
[Result "1-0"]
[WhiteTitle "GM"]
[BlackTitle "GM"]
[WhiteElo "2598"]
[BlackElo "2603"]
[WhiteFideId "4108116"]
[BlackFideId "13601520"]
[EventDate "2020.10.25"]

1. e4 e5 2. Nf3 Nf6 3. d4 exd4 4. e5 Ne4 5. Qxd4 d5 6. exd6 Nxd6 7. Nc3 Nc6 8.
Qf4 Bf5 9. Bb5 Qe7+ 10. Be3 Nxb5 11. Nxb5 Qb4+ 12. Qxb4 Bxb4+ 13. c3 Bd6 14.
Nxd6+ cxd6 15. O-O-O O-O-O 16. Nd4 Nxd4 17. Bxd4 a6 18. Bxg7 Rhg8 19. Bf6 Rde8
20. g3 Re2 21. Rd2 Rge8 22. Rhd1 Rxd2 23. Kxd2 Bg4 24. Re1 Rxe1 25. Kxe1 Kd7 26.
Kd2 Be6 27. b3 Bf5 28. c4 Ke6 29. Bd4 h5 30. Kc3 Be4 31. Kb4 Kd7 32. Ka5 Kc6 33.
a4 Bc2 34. Kb4 Bd1 35. a5 Bc2 36. Kc3 Bd1 37. b4 Be2 38. Be3 f5 39. Kd4 Bf1 40.
Bf4 Be2 41. Bg5 Bf1 42. Bh6 Be2 43. Bf8 Bf1 44. Be7 Be2 45. c5 dxc5+ 46. Bxc5
Kd7 47. Ke5 Bg4 48. Kf4 Ke6 49. f3 Bh3 50. Kg5 Bg2 51. Kxh5 Bxf3+ 52. Kg5 Be2
53. h4 Bg4 54. Bd4 Kf7 55. h5 Bf3 56. h6 Kg8 57. Kg6 1-0

[Event "Speed Chess Invitational"]
[Site "chess.com INT"]
[Date "2020.10.25"]
[Round "1.5"]
[White "Jobava, Baadur"]
[Black "Chigaev, Maksim"]
[Result "1-0"]
[WhiteTitle "GM"]
[BlackTitle "GM"]
[WhiteElo "2603"]
[BlackElo "2598"]
[WhiteFideId "13601520"]
[BlackFideId "4108116"]
[EventDate "2020.10.25"]

1. e4 e5 2. Nf3 Nc6 3. c3 d5 4. d3 dxe4 5. dxe4 Qxd1+ 6. Kxd1 Bc5 7. Ke1 a6 8.
Bd3 h6 9. Ke2 Nf6 10. h3 Be6 11. b4 Bd6 12. Be3 Ne7 13. Nbd2 Ng6 14. a4 Ke7 15.
a5 Rhd8 16. g3 c6 17. Rad1 Rac8 18. Rb1 Kf8 19. Bb6 Bc7 20. Bc5+ Bd6 21. Be3 Ke7
22. Nb3 Nd7 23. Nfd2 Kf8 24. h4 c5 25. bxc5 Nxc5 26. Nxc5 Bxc5 27. Rhc1 Rd7 28.
Nf1 Bg4+ 29. Kd2 Ne7 30. Bxc5 Rxc5 31. Ne3 Be6 32. c4 Nc6 33. Nd5 Nxa5 34. Ke3
Nc6 35. f4 f6 36. Rb6 Bf7 37. Rcb1 Na5 38. fxe5 fxe5 39. R6b4 Kg8 40. g4 Rd6 41.
g5 hxg5 42. hxg5 Be6 43. Rf1 Rd7 44. Rb6 Rc6 45. Rb4 Rc5 46. g6 Rc6 47. Ra4 b6
48. Rb1 Nb7 49. Rab4 b5 50. cxb5 1-0

[Event "Speed Chess Invitational"]
[Site "chess.com INT"]
[Date "2020.10.25"]
[Round "1.6"]
[White "Chigaev, Maksim"]
[Black "Jobava, Baadur"]
[Result "1/2-1/2"]
[WhiteTitle "GM"]
[BlackTitle "GM"]
[WhiteElo "2598"]
[BlackElo "2603"]
[WhiteFideId "4108116"]
[BlackFideId "13601520"]
[EventDate "2020.10.25"]

1. e4 c6 2. d4 d5 3. e5 Bf5 4. h4 h5 5. Bd3 Bxd3 6. Qxd3 e6 7. Bg5 Be7 8. Nf3
Nd7 9. Nbd2 Nh6 10. c3 Nf5 11. g3 g6 12. Qe2 Rc8 13. Kf1 Kf8 14. Kg2 Kg7 15. Nb3
c5 16. Rad1 Bxg5 17. Nxg5 Qb6 18. Nf3 cxd4 19. Nbxd4 Nh6 20. Rhe1 Nc5 21. Ng5
Qa6 22. Qf3 Nd7 23. b4 Rhe8 24. a4 Qc4 25. Nb5 Nf5 26. Nxf7 Rf8 27. Nfd6 Nxd6
28. Nxd6 Rxf3 29. Nxc4 Rcf8 30. Re2 Rxc3 31. Nd6 b6 32. Nb5 Rc4 33. Rd4 Rfc8 34.
f4 Rxd4 35. Nxd4 Kf7 36. Nb5 Ke7 37. Nxa7 Rc4 38. a5 bxa5 39. bxa5 Nc5 40. Ra2
d4 41. a6 d3 42. Nc6+ Kd7 43. a7 Rc2+ 44. Rxc2 dxc2 45. a8=Q c1=Q 46. Nb8+ Kc7
47. Na6+ Nxa6 48. Qxa6 Qc2+ 49. Kf3 Qc3+ 50. Kf2 Qd4+ 51. Kf1 Qd1+ 52. Kf2 Qd4+
53. Kf1 Qd1+ 54. Kf2 Qd4+ 1/2-1/2

[Event "Speed Chess Invitational"]
[Site "chess.com INT"]
[Date "2020.10.25"]
[Round "1.7"]
[White "Jobava, Baadur"]
[Black "Chigaev, Maksim"]
[Result "1/2-1/2"]
[WhiteTitle "GM"]
[BlackTitle "GM"]
[WhiteElo "2603"]
[BlackElo "2598"]
[WhiteFideId "13601520"]
[BlackFideId "4108116"]
[EventDate "2020.10.25"]

1. d4 Nf6 2. Nc3 d5 3. Bf4 g6 4. Qd2 Bg7 5. Bh6 Bxh6 6. Qxh6 c6 7. Qd2 Qb6 8. b3
Bf5 9. e3 h5 10. Bd3 e6 11. Nge2 Nbd7 12. O-O Qc7 13. a4 b6 14. a5 O-O 15. f3
Bxd3 16. cxd3 c5 17. axb6 axb6 18. dxc5 bxc5 19. d4 Qb6 20. Rab1 cxd4 21. exd4
Qb4 22. Rfd1 Rfc8 23. Qe3 Ra3 24. h4 Rxb3 25. Rxb3 Qxb3 26. Rb1 Qc4 27. Rc1 Qa6
28. Kf2 Qa8 29. Nf4 Rc6 30. Nce2 Rxc1 31. Qxc1 Qe8 32. Nd3 e5 33. dxe5 Nxe5 34.
Nxe5 Qxe5 35. Qc5 Kg7 36. Qd4 Nd7 37. Qd2 Nc5 38. Nd4 Qf6 39. Kg1 Nd7 40. Ne2
Nb6 41. Qd4 Qxd4+ 42. Nxd4 Kf6 43. Kf2 Ke5 44. Nc6+ Kd6 45. Nd8 f6 46. Ke3 Nc4+
47. Kd4 Ne5 48. Nb7+ Kc6 49. Na5+ Kd6 50. Nb7+ Kc6 51. Na5+ Kd6 52. Nb7+ 1/2-1/2

[Event "Speed Chess Invitational"]
[Site "chess.com INT"]
[Date "2020.10.25"]
[Round "1.8"]
[White "Chigaev, Maksim"]
[Black "Jobava, Baadur"]
[Result "1-0"]
[WhiteTitle "GM"]
[BlackTitle "GM"]
[WhiteElo "2598"]
[BlackElo "2603"]
[WhiteFideId "4108116"]
[BlackFideId "13601520"]
[EventDate "2020.10.25"]

1. e4 c6 2. d4 d5 3. e5 Bf5 4. h4 h5 5. Bd3 Bxd3 6. Qxd3 e6 7. Bg5 Be7 8. Nf3
Nd7 9. Nbd2 Nh6 10. c3 Nf5 11. g3 g6 12. Qe2 Rc8 13. Kf1 c5 14. Nb3 Qb6 15. Kg2
Bxg5 16. hxg5 Ke7 17. Rad1 a6 18. Nh4 Nxh4+ 19. Rxh4 cxd4 20. Nxd4 Rhf8 21. Rf4
Rc4 22. Rd3 Qc7 23. Rdf3 Qxe5 24. Re3 Qd6 25. Rxf7+ Kxf7 26. Rxe6 Qc5 27. b4
Rxb4 28. cxb4 Qxd4 29. Re7+ Kg8 30. Rxd7 Qe4+ 31. Qxe4 dxe4 32. Rxb7 Rf5 33. Rb6
Rxg5 34. Rxa6 h4 35. Ra5 Rg4 36. Re5 e3 37. Rxe3 Rxb4 38. a3 Ra4 39. Rb3 hxg3
40. fxg3 Kg7 41. Kf3 Kh6 42. Ke3 Kh5 43. Kd2 g5 44. Kc2 Ra8 45. Rc3 Kg4 46. Kb3
Kh3 47. a4 g4 48. Kb4 Rb8+ 49. Ka3 Ra8 50. Rb3 Ra7 51. Rd3 Ra8 52. Kb4 Rb8+ 53.
Kc5 Ra8 54. Kb5 Rb8+ 55. Kc6 Ra8 56. Ra3 Ra5 57. Kb6 Rxa4 58. Rxa4 Kxg3 59. Kc5
Kf3 60. Kd4 g3 61. Ra3+ Kf2 62. Ra2+ Kf1 63. Ke3 g2 64. Ra1# 1-0

[Event "Speed Chess Invitational"]
[Site "chess.com INT"]
[Date "2020.10.25"]
[Round "1.9"]
[White "Jobava, Baadur"]
[Black "Chigaev, Maksim"]
[Result "1-0"]
[WhiteTitle "GM"]
[BlackTitle "GM"]
[WhiteElo "2603"]
[BlackElo "2598"]
[WhiteFideId "13601520"]
[BlackFideId "4108116"]
[EventDate "2020.10.25"]

1. e4 e5 2. Nf3 Nc6 3. c3 d5 4. d3 dxe4 5. dxe4 Qxd1+ 6. Kxd1 Bg4 7. Be3 Bd6 8.
Nd2 Nge7 9. Kc2 a6 10. h3 Bh5 11. Nh4 Rd8 12. Nf5 O-O 13. g4 Bg6 14. Rd1 Rfe8
15. Be2 f6 16. Nc4 Nxf5 17. exf5 Bf7 18. Nd2 Ne7 19. Bc4 Nd5 20. Bb3 c6 21. Ne4
Be7 22. Bc1 h5 23. Rhg1 hxg4 24. hxg4 g5 25. Rh1 Kg7 26. Ng3 Rh8 27. Be3 Rh4 28.
Rxh4 gxh4 29. Ne4 Nxe3+ 30. fxe3 Rxd1 31. Kxd1 h3 32. Ke2 h2 33. Nf2 e4 34. Bxf7
Kxf7 35. Kf1 Bc5 36. Kg2 Bxe3 37. Nxe4 Bf4 38. Nc5 b6 39. Nxa6 Ke7 40. Nb4 Kd7
41. a4 Kd6 42. b3 c5 43. Nd3 Bd2 44. c4 Bg5 45. Kxh2 Kc6 46. Kg2 Kd6 47. Kf3 Kc6
48. Ke4 Kd6 49. Nf4 Kc6 50. Ne6 Kd6 51. Nxg5 fxg5 1-0

[Event "Speed Chess Invitational"]
[Site "chess.com INT"]
[Date "2020.10.25"]
[Round "1.10"]
[White "Chigaev, Maksim"]
[Black "Jobava, Baadur"]
[Result "1/2-1/2"]
[WhiteTitle "GM"]
[BlackTitle "GM"]
[WhiteElo "2598"]
[BlackElo "2603"]
[WhiteFideId "4108116"]
[BlackFideId "13601520"]
[EventDate "2020.10.25"]

1. e4 c5 2. b3 Nc6 3. Bb2 d6 4. Bb5 Bd7 5. f4 Nf6 6. d3 e6 7. Nf3 Be7 8. O-O O-O
9. Bxc6 Bxc6 10. Qe2 Nd7 11. c4 b5 12. Nc3 bxc4 13. dxc4 a5 14. a4 Qb8 15. Nb5
Qb7 16. Rfe1 Rfd8 17. Rad1 Nf6 18. e5 Bxf3 19. Qxf3 Qxf3 20. gxf3 Ne8 21. f5 d5
22. fxe6 fxe6 23. cxd5 exd5 24. f4 g6 25. Kg2 Rab8 26. Bc3 Ra8 27. Kf3 d4 28.
Bd2 Ng7 29. Na3 Rdb8 30. Rb1 Ne6 31. Nc4 Bd8 32. Ke4 Kf7 33. f5 gxf5+ 34. Kxf5
Ra6 35. Nd6+ Ke7 36. Rg1 Bc7 37. Nc4 Rf8+ 38. Ke4 Rf2 39. Rbf1 Rxh2 40. Rg8 Rh4+
41. Kd5 Bb8 42. Rxb8 Nc7+ 43. Kxc5 Ne6+ 44. Kb5 Nc7+ 45. Kc5 Ne6+ 46. Kd5 Nc7+
47. Kc5 1/2-1/2

[Event "Speed Chess Invitational"]
[Site "chess.com INT"]
[Date "2020.10.25"]
[Round "1.11"]
[White "Jobava, Baadur"]
[Black "Chigaev, Maksim"]
[Result "1-0"]
[WhiteTitle "GM"]
[BlackTitle "GM"]
[WhiteElo "2603"]
[BlackElo "2598"]
[WhiteFideId "13601520"]
[BlackFideId "4108116"]
[EventDate "2020.10.25"]

1. e4 g6 2. d4 Bg7 3. Nc3 d6 4. Be2 Nc6 5. d5 Ne5 6. Nf3 Nxf3+ 7. Bxf3 Nf6 8.
O-O O-O 9. a4 Nd7 10. a5 a6 11. Re1 c5 12. Be2 Rb8 13. Bd2 b5 14. axb6 Qxb6 15.
b3 Re8 16. h3 Bd4 17. Na4 Qc7 18. Bc3 Nf6 19. Bxd4 cxd4 20. Qxd4 Qxc2 21. Bc4
Bd7 22. Re2 Qxe2 23. Bxe2 Rxb3 24. Nb6 Bb5 25. Bxb5 axb5 26. e5 dxe5 27. Qxe5
Kf8 28. d6 1-0

[Event "Speed Chess Invitational"]
[Site "chess.com INT"]
[Date "2020.10.25"]
[Round "1.12"]
[White "Chigaev, Maksim"]
[Black "Jobava, Baadur"]
[Result "1-0"]
[WhiteTitle "GM"]
[BlackTitle "GM"]
[WhiteElo "2598"]
[BlackElo "2603"]
[WhiteFideId "4108116"]
[BlackFideId "13601520"]
[EventDate "2020.10.25"]

1. e4 c6 2. d4 d5 3. e5 Bf5 4. h4 h5 5. Bd3 Bxd3 6. Qxd3 e6 7. Bg5 Be7 8. Nf3
Nd7 9. Nbd2 Nh6 10. c3 Nf5 11. g3 Rc8 12. Qe2 g6 13. Kf1 Kf8 14. Kg2 Kg7 15. Nf1
c5 16. Ne3 Nxe3+ 17. fxe3 Rc7 18. Rhf1 Nf8 19. Bxe7 Rxe7 20. Ng5 Nh7 21. Rxf7+
Kh6 22. Qf3 Ree8 23. Nxh7 Rxh7 24. Qf4+ g5 25. hxg5+ Kg6 26. Rxh7 Kxh7 27. Qf7+
Kh8 28. Qxh5+ Kg8 29. Qg6+ 1-0

[Event "Speed Chess Invitational"]
[Site "chess.com INT"]
[Date "2020.10.25"]
[Round "1.13"]
[White "Jobava, Baadur"]
[Black "Chigaev, Maksim"]
[Result "1-0"]
[WhiteTitle "GM"]
[BlackTitle "GM"]
[WhiteElo "2603"]
[BlackElo "2598"]
[WhiteFideId "13601520"]
[BlackFideId "4108116"]
[EventDate "2020.10.25"]

1. d4 Nf6 2. c4 g6 3. g3 Bg7 4. Bg2 O-O 5. Nc3 d6 6. Nf3 c5 7. O-O Nc6 8. dxc5
dxc5 9. Be3 b6 10. Qxd8 Rxd8 11. Rad1 Bd7 12. b3 Be8 13. Nb5 Ne4 14. Nc7 Rac8
15. Nxe8 Rxe8 16. Ne5 Bxe5 17. Bxe4 Nd4 18. Rd2 Rcd8 19. Kg2 Bf6 20. Rfd1 e6 21.
Bf3 Nxf3 22. Kxf3 Rxd2 23. Rxd2 Rd8 24. Rxd8+ Bxd8 25. Bf4 f5 26. Bb8 a6 27. Kf4
Kf7 28. Kf3 Ke7 29. e4 Kd7 30. Be5 Bg5 31. a4 Be7 32. h3 h5 33. g4 Bd8 34. gxh5
gxh5 35. Bg3 a5 36. Be5 Ke8 37. exf5 exf5 38. Kf4 Kf7 39. Kxf5 Bh4 40. f4 Bd8
41. Bd6 Ke8 42. Ke6 1-0

[Event "Speed Chess Invitational"]
[Site "chess.com INT"]
[Date "2020.10.25"]
[Round "1.14"]
[White "Chigaev, Maksim"]
[Black "Jobava, Baadur"]
[Result "0-1"]
[WhiteTitle "GM"]
[BlackTitle "GM"]
[WhiteElo "2598"]
[BlackElo "2603"]
[WhiteFideId "4108116"]
[BlackFideId "13601520"]
[EventDate "2020.10.25"]

1. e4 c5 2. Nf3 e6 3. d4 cxd4 4. Nxd4 Nf6 5. Nc3 Bb4 6. e5 Nd5 7. Bd2 Nxc3 8.
bxc3 Be7 9. Qg4 Kf8 10. Bd3 Na6 11. O-O Nc5 12. Rae1 b6 13. f4 h5 14. Qh3 Nxd3
15. cxd3 Bc5 16. Be3 d6 17. f5 dxe5 18. fxe6 exd4 19. Rxf7+ Kg8 20. cxd4 Bxd4
21. e7 Bxh3 22. exd8=Q+ Rxd8 23. Rxa7 Bxe3+ 24. Rxe3 Bf5 25. Ree7 Rh7 0-1

[Event "Speed Chess Invitational"]
[Site "chess.com INT"]
[Date "2020.10.25"]
[Round "2.1"]
[White "Duda, Jan-Krzysztof"]
[Black "Xiong, Jeffery"]
[Result "1-0"]
[WhiteTitle "GM"]
[BlackTitle "GM"]
[WhiteElo "2757"]
[BlackElo "2709"]
[WhiteFideId "1170546"]
[BlackFideId "2047640"]
[EventDate "2020.10.25"]

1. e4 c5 2. Nf3 Nc6 3. d4 cxd4 4. Nxd4 Nf6 5. Nc3 e5 6. Ndb5 d6 7. Bg5 a6 8. Na3
b5 9. Bxf6 gxf6 10. Nd5 Bg7 11. Bd3 Be6 12. c4 O-O 13. O-O f5 14. exf5 Bxd5 15.
cxd5 Nd4 16. Nc2 Nxc2 17. Bxc2 Rc8 18. Be4 Rc4 19. Re1 Qg5 20. g3 Rfc8 21. h4
Qh6 22. Kg2 Rd4 23. Qf3 Kh8 24. Re2 Bf6 25. Kh3 Bd8 26. a3 Rcc4 27. b3 Rc8 28.
Raa2 Rc5 29. Rac2 Bb6 30. Rxc5 Bxc5 31. f6 Bxa3 32. Qf5 Qg6 33. Qc8+ Qg8 34.
Qxa6 Bc5 35. Qb7 h5 36. Ra2 1-0

[Event "Speed Chess Invitational"]
[Site "chess.com INT"]
[Date "2020.10.25"]
[Round "2.2"]
[White "Xiong, Jeffery"]
[Black "Duda, Jan-Krzysztof"]
[Result "1-0"]
[WhiteTitle "GM"]
[BlackTitle "GM"]
[WhiteElo "2709"]
[BlackElo "2757"]
[WhiteFideId "2047640"]
[BlackFideId "1170546"]
[EventDate "2020.10.25"]

1. d4 Nf6 2. c4 e6 3. Nc3 Bb4 4. Qc2 d5 5. a3 Bxc3+ 6. Qxc3 O-O 7. Nf3 b6 8. Bg5
dxc4 9. Qxc4 Ba6 10. Qa4 c5 11. dxc5 bxc5 12. Rd1 Qb6 13. Bxf6 gxf6 14. e3 Bxf1
15. Kxf1 Qxb2 16. h4 Rc8 17. Rh3 c4 18. Rg3+ Kf8 19. Nd2 Qb6 20. Nxc4 Qa6 21.
Qb4+ 1-0

[Event "Speed Chess Invitational"]
[Site "chess.com INT"]
[Date "2020.10.25"]
[Round "2.3"]
[White "Duda, Jan-Krzysztof"]
[Black "Xiong, Jeffery"]
[Result "1/2-1/2"]
[WhiteTitle "GM"]
[BlackTitle "GM"]
[WhiteElo "2757"]
[BlackElo "2709"]
[WhiteFideId "1170546"]
[BlackFideId "2047640"]
[EventDate "2020.10.25"]

1. e4 c5 2. Nf3 d6 3. d4 cxd4 4. Nxd4 Nf6 5. Nc3 a6 6. f3 e5 7. Nb3 Be6 8. Be3
Nbd7 9. g4 b5 10. g5 b4 11. Nd5 Nxd5 12. exd5 Bf5 13. Bd3 Bxd3 14. Qxd3 Be7 15.
h4 a5 16. O-O-O O-O 17. Nd2 Qc8 18. Kb1 Qa6 19. Qf5 Qb5 20. h5 a4 21. g6 b3 22.
cxb3 axb3 23. Nxb3 Nf6 24. gxf7+ Rxf7 25. Qe6 Qe2 26. Bg5 Qxf3 27. h6 Qe4+ 28.
Ka1 Rxa2+ 29. Kxa2 Qa4+ 30. Kb1 Qe4+ 31. Ka1 Qa4+ 32. Kb1 Qe4+ 33. Ka2 Qa4+ 34.
Kb1 1/2-1/2